Assessing Reserve Adequacy in Low-Income Countries /

Low-income countries routinely experience exogenous disturbances-sharp swings in the terms of trade, export demand, natural disasters, and volatile financial flows-that contribute to higher volatility in aggregate output and consumption compared with other countries. Assessing Reserve Adequacy in Lo...

Täydet tiedot

Bibliografiset tiedot
Päätekijä: Crispolti, Valerio
Muut tekijät: Dabla-Norris, Era, Kim, Jun, Shirono, Kazuko
Aineistotyyppi: Aikakauslehti
Kieli:English
Julkaistu: Washington, D.C. : International Monetary Fund, 2013.
Sarja:Occasional Papers; Occasional Paper ; No. 2013/002
Linkit:Full text available on IMF
LEADER 02275cas a2200277 a 4500
001 AALejournalIMF021979
008 230101c9999 xx r poo 0 0eng d
020 |c 15.00 USD 
020 |z 9781616354121 
022 |a 0251-6365 
040 |a BD-DhAAL  |c BD-DhAAL 
100 1 |a Crispolti, Valerio. 
245 1 0 |a Assessing Reserve Adequacy in Low-Income Countries /  |c Valerio Crispolti, Era Dabla-Norris, Jun Kim, Kazuko Shirono. 
264 1 |a Washington, D.C. :  |b International Monetary Fund,  |c 2013. 
300 |a 1 online resource (78 pages) 
490 1 |a Occasional Papers 
500 |a <strong>Off-Campus Access:</strong> No User ID or Password Required 
500 |a <strong>On-Campus Access:</strong> No User ID or Password Required 
506 |a Electronic access restricted to authorized BRAC University faculty, staff and students 
520 3 |a Low-income countries routinely experience exogenous disturbances-sharp swings in the terms of trade, export demand, natural disasters, and volatile financial flows-that contribute to higher volatility in aggregate output and consumption compared with other countries. Assessing Reserve Adequacy in Low-Income Countries presents the findings of an analysis of a range of external shocks faced by these countries, beginning with a discussion of the impact of external shocks on macroeconomic growth, volatility, and welfare. Although sound macroeconomic and prudential policy frameworks are the first line of defense for limiting vulnerability, international reserves constitute the main form of self-insurance against such shocks. The evidence suggests that low-income countries with reserve coverage above three months of imports were better able to smooth consumption and absorption in the face of external shocks compared with those with lower reserve holdings. The analysis also points to the importance of country characteristics and vulnerabilities in assessing reserve adequacy. 
538 |a Mode of access: Internet 
700 1 |a Dabla-Norris, Era. 
700 1 |a Kim, Jun. 
700 1 |a Shirono, Kazuko. 
830 0 |a Occasional Papers; Occasional Paper ;  |v No. 2013/002 
856 4 0 |z Full text available on IMF  |u http://elibrary.imf.org/view/books/084/12944-9781616354121-en/12944-9781616354121-en-book.xml  |z IMF e-Library